| Поле | Инд. | ПП | Название | Значение |
|---|---|---|---|---|
| Тип записи | a | |||
| Библиографический уровень | b | |||
| 001 | Контрольный номер | RU/IS/BASE/148578980 | ||
| 005 | Дата корректировки | 20200601191448.5 | ||
| 084 | a | Индекс другой классификации/Индекс ББК | 74.480.266.6; 60.5р30; 66р30 | |
| 100 | 1_ | a | Автор | Самсонова Т. Н. |
| 245 | a | Заглавие | Политическая социализация | |
| b | Продолж. заглавия | (спецкурс - 32 часа) | ||
| 500 | a | Примечание | В рубрике "В помощь преподавателю" (список тем, докладов, литературы) | |
| 504 | a | Библиография | Библиогр.: с. 159 - 161 | |
| 520 | a | Аннотация | Программа является дополнением к общим курсам по политологии и политической социологии | |
| 650 | a | Основная рубрика | высшее образование | |
| a | Основная рубрика | дидактика | ||
| a | Основная рубрика | методика преподавания | ||
| a | Основная рубрика | образование | ||
| a | Основная рубрика | политика | ||
| a | Основная рубрика | политология | ||
| a | Основная рубрика | профессиональное образование | ||
| a | Основная рубрика | социология | ||
| 653 | a | Ключевые слова | политическая социализация | |
| a | Ключевые слова | политическая социология | ||
| a | Ключевые слова | преподавание политологии | ||
| a | Ключевые слова | преподавание социологии | ||
| a | Ключевые слова | социализация личности | ||
| 773 | t | Заглавие источника | Вестник Московского университета. Серия 18, Социология и политология | |
| d | Дата издания источника | 2001 | ||
| g | Прочая информация | № 4. - С. 155 - 161 | ||
| w | Контрольный № источника | RU/IS/BASE/148578751 | ||
| 901 | t | Тип документа | b |